00581cam a22002171 4500001001300000003000400013005001700017008004100034010001700075035002000092040001800112042001200130050001600142110001700158245004200175260005700217300002600274650002000300740002600320999001700346sa 66007014 DLC20260227112301.0890420s1963 io a 000 0 dut  asa 66007014  a(OCoLC)23432914 aDLCcMiUdDLC apremarc00aHD85b.K4352 aKertonegoro.10aDiktat kuliah untuk tingkat doctoral. aJogjakarta,bPenerbit Diktat UGM Dwitunggalc[1963?] a82 p.billus.c22 cm. 0aEconomic policy0 aPerentjanaan ekonomi. c70873d70873